1-25 Logic Puzzle Quiz Stats

Quiz Updated Sep 17, 2017

Challenge
Share
Tweet
Score 0/25 Timer 20:00
3 Plays Today
Hint Answer % Correct
A1






???
100%
A2






???
60.8%
B2






???
41.9%
B1






???
40.4%
A5






???
38.4%
E1






???
38.1%
E5






???
34.9%
D2






???
28.9%
A3






???
21.3%
A4






???
21.3%
D5






???
18.2%
D4






???
13.5%
C5






???
12.8%
Hint Answer % Correct
C1






???
11.4%
D3






???
10.7%
C3






???
10.5%
D1






???
9.3%
B5






???
8.8%
E4






???
8%
E2






???
7.6%
E3






???
7.5%
B3






???
7.3%
B4






???
7.3%
C4






???
5.1%
C2






???
4.7%

You're not logged in!

Compare scores with friends on all Sporcle quizzes.
Sign Up with Email
OR
Log In

You Might Also Like...

Show Comments

Extras

Top Quizzes Today


Score Distribution

Your Account Isn't Verified!

In order to create a playlist on Sporcle, you need to verify the email address you used during registration. Go to your Sporcle Settings to finish the process.